| 000 | 01241cam a22003375a 4500 | ||
|---|---|---|---|
| 999 |
_c26131 _d26103 |
||
| 001 | 011293488 | ||
| 003 | EG-ScBUE | ||
| 005 | 20201128024238.0 | ||
| 008 | 990112t1999 enka f b 001 0 eng d | ||
| 020 | _a0130204358 | ||
| 020 | _a9780130204356 | ||
| 040 |
_aUk _beng _erda _cUk _dEG-ScBUE |
||
| 082 | 0 | 4 |
_a001.642 _bTAN _222 |
| 100 | 1 |
_aTanenbaum, Andrew S., _d1944- _eauthor. _936862 |
|
| 245 | 1 | 0 |
_aStructured computer organization / _cAndrew S. Tanenbaum, Vrija Universiteit, Amsterdam, The Netherlands ; with contributions from James R. Goodman, University of Wisconsin, Madison, WI. |
| 250 | _aFourth edition. | ||
| 250 | _aInternational edition. | ||
| 264 | 1 |
_aUpper Saddle River, NJ : _bPrentice Hall, Inc., _c[1999] |
|
| 264 | 4 | _cc1999 | |
| 300 |
_axviii, 669 pages : _billustrations ; _c24 cm |
||
| 336 |
_2rdacontent _atext _btxt |
||
| 337 |
_2rdamedia _aunmediated _bn |
||
| 338 |
_2rdacarrier _avolume _bnc |
||
| 504 | _aIncludes bibliographical references and index. | ||
| 650 | 7 |
_aComputer programming. _2BUEsh _93821 |
|
| 650 | 7 |
_aComputer organization. _2BUEsh _9959 |
|
| 653 |
_bGGEN _bCOMSCI _cFebruary2018 |
||
| 655 |
_vReading book _934232 |
||
| 700 | 1 |
_aGoodman, James R., _econtributer. _920924 |
|
| 942 |
_2ddc _cBB |
||